| 000 | 00772nam a22002651 4500 | ||
|---|---|---|---|
| 001 | 33996 | ||
| 003 | BD-RjUL | ||
| 005 | 20211209052106.0 | ||
| 008 | 140512r19711967enk b 000 0 eng | ||
| 035 | _a(BD-RjUL)34089 | ||
| 040 |
_aDLC _cDLC _dDLC _dBD-RjUL _beng |
||
| 041 | _aeng | ||
| 082 | 0 | 0 |
_a301 _bTIS 1971 |
| 100 | 1 |
_aTimms, Noel. _918024 |
|
| 245 | 1 | 2 |
_aA sociological approach to social problems / _cby Noel Timms. |
| 260 |
_aLondon : _bRoutledge & K. Paul, _cc1967 [Reprinted 1971]. |
||
| 300 |
_aviii, 109 p. ; _c19 cm. |
||
| 490 | 0 | _aThe Students library of sociology | |
| 504 | _aBibliography: p. 101-[109]. | ||
| 650 | 0 |
_aSocial problems. _9103322 |
|
| 650 | 0 |
_aSociology. _9103323 |
|
| 942 |
_2ddc _cBK |
||
| 999 |
_c33996 _d33996 |
||